| 000 | 00853nam a2200217Ii 4500 | ||
|---|---|---|---|
| 003 | JO-AjNU | ||
| 008 | 230605s9999||||xx |||||||||||||| ||und|| | ||
| 017 | _a2004/4/808 | ||
| 040 |
_aJO-AjNU _bara _erda _cJO-AjNU |
||
| 041 | _aara | ||
| 050 | 1 | 4 | _aDs63.6.M84 2004 |
| 100 | 3 |
_aتاليف الشياب، محمد خالد, _eauthor _916107 |
|
| 245 | 0 | 0 | _aالمجتمع العربي بين سلطة الدين واستبداد الدولة |
| 250 | _aط1 | ||
| 264 | 3 | 1 | _aعمان: دار ورد للنشر والتوزيع، 2004 |
| 300 | _a138ص | ||
| 336 |
_atext _btxt _2rdacontent |
||
| 337 |
_aunmediated _bn _2rdamedia |
||
| 338 |
_avolume _bnc _2rdacarrier |
||
| 650 | 4 |
_aالمجتمع العربي- الثقافة العربية- القومية العربية، عالم عربي- احوال سياسية- احوال اجتماعية _916108 |
|
| 999 |
_aA4700 _c8268 _d8268 |
||